Kritická cesta a PERT v řídící praxi

Gespeichert in:
Bibliographische Detailangaben
1. Verfasser: Klusoň, Václav
Format: Buch
Sprache:Tschechisch
Veröffentlicht: Praha Svoboda 1968
Tags: Tag hinzufügen
Keine Tags, Fügen Sie das erste Tag hinzu!

MARC

LEADER 00000nam a2200000 4500
001 c131631
005 20230105083808.3
041 0 |a cze 
044 |a CZ 
245 1 0 |a Kritická cesta a PERT v řídící praxi  |c Václav Klusoň 
264 1 |a Praha  |b Svoboda  |c 1968 
300 |a 250 s. 
100 1 |a Klusoň, Václav